Quick Pick: Yellow in the Flag Quiz Stats

 Plays Quiz Updated May 15, 2018

Challenge
Share
Tweet
Embed
Score 0/16 Timer 01:30
0 Plays Today
% Correct
Brazil
90.8%
Sweden
81.4%
Antigua and Barbuda
78.1%
Ukraine
76.2%
Republic of the Congo
75%
Kazakhstan
74.6%
St Vincent and the Grenadines
73.8%
Guinea-Bissau
71.1%
% Correct
Grenada
67.9%
Solomon Islands
67.8%
Gabon
66.8%
Palau
64.7%
Vietnam
64.4%
Fiji
60.2%
Brunei
59.9%
Togo
54.1%

Today's Daily Dose

You're not logged in!

Compare scores with friends on all Sporcle quizzes.
Join for Free
OR
Log In

You Might Also Like...

Show Comments

Extras

Top Quizzes Today


Score Distribution

Your Account Isn't Verified!

In order to create a playlist on Sporcle, you need to verify the email address you used during registration. Go to your Sporcle Settings to finish the process.

Report this User

Report this user for behavior that violates our Community Guidelines.

Details: